000 00566nam a2200193Ia 4500
003 GCL
008 140319s9999 xx 000 0 ara d
040 _aGCL /
_cGCL
082 0 4 _a191
_bز ن
100 1 _aزكى نجيب محمود
245 1 0 _aنافذة على فلسفة العصر /
_cزكى نجيب محمود
260 _a[S.N] :
_bكتاب العربى ،
_c1990
300 _a240 ص
490 _a
650 0 4 _aالفلسفة العربية
650 0 4 _aالفلسفة الحديثة
650 0 4 _aزكى نجيب محمود
942 _2ddc
_cBK
999 _c36168
_d36168